| 000 | 00649cam a22002413a 4500 | ||
|---|---|---|---|
| 001 | 29492 | ||
| 003 | PGUSA | ||
| 005 | 20140828083634.0 | ||
| 008 | 090722s2009||||xxu|||||s|||||000 1 eng d | ||
| 040 |
_aPGUSA _beng |
||
| 042 | _adc | ||
| 050 | 4 | _aPS | |
| 100 | 1 |
_aHerbert, Frank, _d1920-1986 |
|
| 245 | 1 | 0 |
_aOld Rambling House _h[electronic resource] / _cFrank Herbert |
| 260 |
_bProject Gutenberg, _c2009 |
||
| 506 | _aPublic domain in the USA. | ||
| 516 | _aElectronic text | ||
| 653 | _aShort stories | ||
| 653 | _aScience fiction | ||
| 830 | 0 |
_aProject Gutenberg _v29492 |
|
| 856 | 4 | 0 | _uhttp://www.gutenberg.org/ebooks/29492 |
| 942 | _cEB | ||
| 999 |
_c258747 _d258747 |
||